书目信息 |
| 题名: |
单片机原理与应用设计
|
|
| 作者: | 张毅刚 主编 | |
| 分册: | ||
| 出版信息: | 北京 电子工业出版社 2020.01 |
|
| 页数: | 338页 | |
| 开本: | 26cm | |
| 丛书名: | ||
| 单 册: | ||
| 中图分类: | TP368.1 | |
| 科图分类: | ||
| 主题词: | 单片微型计算机--dan pian wei xing ji suan ji--高等学校--教材 | |
| 电子资源: | ||
| ISBN: | 978-7-121-37407-4 | |
| 000 | 01311nam0 2200265 450 | |
| 001 | 2333876458 | |
| 005 | 20230925092544.01 | |
| 010 | @a978-7-121-37407-4@dCNY59.80 | |
| 100 | @a20200915d2020 em y0chiy50 ea | |
| 101 | 0 | @achi |
| 102 | @aCN@b110000 | |
| 105 | @aak a 000yy | |
| 200 | 1 | @a单片机原理与应用设计@Adan pian ji yuan li yu ying yong she ji@eC51编程+Proteus仿真@f张毅刚主编 |
| 205 | @a3版 | |
| 210 | @a北京@c电子工业出版社@d2020.01 | |
| 215 | @a338页@c图@d26cm | |
| 320 | @a有书目 (第338页) | |
| 330 | @a本书详细介绍美国Atmel公司的AT89S51单片机的内部硬件资源及工作原理, 采用C51语言编程, 并以虚拟仿真平台Proteus作为设计与开发工具, 同时还简要介绍了Keil Vision3的使用方法。从应用角度出发, 重点介绍单片机应用的各种技术实现, 如信息的显示与输入、中断、定时/计数、串行通信、模数与数模转换、系统的并行/串行扩展、应用系统设计等, 书中给出较多虚拟仿真设计案例, 并在附录A提供实验和课程设计题目。 | |
| 333 | @a普通高等教育“十一五”国家级规划教材 哈尔滨工业大学“单片机原理”国家精品课程主讲教材 高等学校规划教材 | |
| 517 | 1 | @aC51编程+Proteus仿真@AC51 bian cheng +Proteus fang zhen |
| 606 | 0 | @a单片微型计算机@Adan pian wei xing ji suan ji@x高等学校@j教材 |
| 690 | @aTP368.1@v5 | |
| 701 | 0 | @a张毅刚@Azhang yi gang@4主编 |
| 801 | 0 | @aCN@b河南城建学院图书馆@c20200116 |
| 905 | @dTP368.1@eZ2210=3 | |
| 单片机原理与应用设计:C51编程+Proteus仿真/张毅刚主编.-3版.-北京:电子工业出版社,2020.01 |
| 338页:图;26cm |
| 使用对象:普通高等教育“十一五”国家级规划教材 哈尔滨工业大学“单片机原理”国家精品课程主讲教材 高等学校规划教材 |
| ISBN 978-7-121-37407-4:CNY59.80 |
| 本书详细介绍美国Atmel公司的AT89S51单片机的内部硬件资源及工作原理, 采用C51语言编程, 并以虚拟仿真平台Proteus作为设计与开发工具, 同时还简要介绍了Keil Vision3的使用方法。从应用角度出发, 重点介绍单片机应用的各种技术实现, 如信息的显示与输入、中断、定时/计数、串行通信、模数与数模转换、系统的并行/串行扩展、应用系统设计等, 书中给出较多虚拟仿真设计案例, 并在附录A提供实验和课程设计题目。 |
| ● |
| 相关链接 |
|
|
|
正题名:单片机原理与应用设计
索取号:TP368.1/Z2210=3
 
预约/预借
| 序号 | 登录号 | 条形码 | 馆藏地/架位号 | 状态 | 备注 |
| 1 | 1506432 | 215064329 | 自科库301/301自科库 63排5列1层/ [索取号:TP368.1/Z2210=3] | 在馆 |